Central Library OPAC University of Rajshahi

In praise of Prometheus : (Record no. 21681)

MARC details
000 -LEADER
fixed length control field 00930cam a22002891 4500
001 - CONTROL NUMBER
control field 21681
003 - CONTROL NUMBER IDENTIFIER
rucl marc code BD-RjUL
005 - DATE AND TIME OF LATEST TRANSACTION
control field 20211209000721.0
008 - FIXED-LENGTH DATA ELEMENTS--GENERAL INFORMATION
fixed length control field 140305s1966 ncu b 001 0 eng d
035 ## - SYSTEM CONTROL NUMBER
System control number (BD-RjUL)21746
System control number (OCoLC)304716
040 ## - CATALOGING SOURCE
Original cataloging agency DLC
Transcribing agency OGraD
Modifying agency OCoLC
-- DCHS
-- DLC
-- BD-RjUL
Language of cataloging eng
041 ## - LANGUAGE CODE
Language code of text/sound track or separate title eng
082 00 - DEWEY DECIMAL CLASSIFICATION NUMBER
Classification number 882
Author mark and year GOI 1966
100 1# - MAIN ENTRY--PERSONAL NAME
Personal name Golden, Leon,
Dates associated with a name 1930-
9 (RLIN) 66959
245 10 - TITLE STATEMENT
Title In praise of Prometheus :
Remainder of title humanism and rationalism in Aeschylean thought /
Statement of responsibility, etc. Leon, Golden
260 ## - PUBLICATION, DISTRIBUTION, ETC. (IMPRINT)
Place of publication, distribution, etc. Chapel Hill :
Name of publisher, distributor, etc. University of North Carolina Press,
Date of publication, distribution, etc. 1966
300 ## - PHYSICAL DESCRIPTION
Pagination xi, 137 p. ;
Size 23 cm.
504 ## - BIBLIOGRAPHY, ETC. NOTE
Bibliography, etc Bibliography: p. 129-131. and Index
600 00 - SUBJECT ADDED ENTRY--PERSONAL NAME
Personal name Aeschylus
General subdivision Philosophy.
650 #0 - SUBJECT ADDED ENTRY--TOPICAL TERM
Topical term or geographic name as entry element Prometheus (Greek deity)
9 (RLIN) 66961
Topical term or geographic name as entry element Humanism in literature.
9 (RLIN) 55455
Topical term or geographic name as entry element Rationalism in literature.
9 (RLIN) 66962
942 ## - ADDED ENTRY ELEMENTS (KOHA)
Source of classification or shelving scheme Dewey Decimal Classification
Koha item type Books
Holdings
Lost status Source of classification or shelving scheme Damaged status Not for loan Collection code Permanent Location Current Location Shelving location Date acquired Source of acquisition Cost, normal purchase price Total Checkouts Full call number Date last seen Copy number Koha item type
  Dewey Decimal Classification   Added to bundle Non-fiction Central Library, University of Rajshahi Central Library, University of Rajshahi Reading Room 10/06/1969 Zeittinger 47.00   882 GOI 1966 05/03/2014 C-1 Books